<?xml version="1.0" encoding="UTF-8"?>
<record
    xmlns:xsi="http://www.w3.org/2001/XMLSchema-instance"
    xsi:schemaLocation="http://www.loc.gov/MARC21/slim http://www.loc.gov/standards/marcxml/schema/MARC21slim.xsd"
    xmlns="http://www.loc.gov/MARC21/slim">

  <leader>01708nmm a2200301 i 4500</leader>
  <controlfield tag="003">DO-SdISF</controlfield>
  <controlfield tag="005">20250403114548.0</controlfield>
  <controlfield tag="007">ta</controlfield>
  <controlfield tag="008">240209s2020    dr a|||fom|d| 001 0 spa d</controlfield>
  <datafield tag="040" ind1=" " ind2=" ">
    <subfield code="a">DO-SdISF</subfield>
    <subfield code="b">spa</subfield>
    <subfield code="e">rda</subfield>
    <subfield code="c">DO-SdISF</subfield>
  </datafield>
  <datafield tag="100" ind1="1" ind2=" ">
    <subfield code="a">Ventura de Le&#xF3;n, Rodolfo Agust&#xED;n</subfield>
    <subfield code="e">autor</subfield>
    <subfield code="9">31322</subfield>
  </datafield>
  <datafield tag="245" ind1="1" ind2="0">
    <subfield code="a">Estudio sobre las implicaciones de los agentes sociales en la pr&#xE1;ctica de actividad f&#xED;sica en el tiempo libre de los estudiantes de sexto grado del nivel primario en la Rep&#xFA;blica Dominicana /</subfield>
    <subfield code="c">sustentada: Rodolfo Agust&#xED;n Ventura de Le&#xF3;n ; asesor: Bel&#xE9;n Toja Reboredo</subfield>
  </datafield>
  <datafield tag="264" ind1=" " ind2="1">
    <subfield code="a">Santo Domingo : </subfield>
    <subfield code="b">ISFODOSU, </subfield>
    <subfield code="c">2020</subfield>
  </datafield>
  <datafield tag="300" ind1=" " ind2=" ">
    <subfield code="a">84 hojas :</subfield>
    <subfield code="b">ilustraciones </subfield>
  </datafield>
  <datafield tag="336" ind1=" " ind2=" ">
    <subfield code="2">rdacontent</subfield>
    <subfield code="a">texto</subfield>
    <subfield code="b">txt</subfield>
  </datafield>
  <datafield tag="337" ind1=" " ind2=" ">
    <subfield code="a">computadora</subfield>
    <subfield code="b">c</subfield>
    <subfield code="2">rdamedia</subfield>
  </datafield>
  <datafield tag="338" ind1=" " ind2=" ">
    <subfield code="2">rdacarrier</subfield>
    <subfield code="a">recurso en l&#xED;nea</subfield>
    <subfield code="b">cr</subfield>
  </datafield>
  <datafield tag="347" ind1=" " ind2=" ">
    <subfield code="2">rda</subfield>
    <subfield code="a">archivo de texto</subfield>
    <subfield code="b">PDF</subfield>
  </datafield>
  <datafield tag="502" ind1=" " ind2=" ">
    <subfield code="a">Tesis para optar por el t&#xED;tulo de Maestr&#xED;a en Educaci&#xF3;n F&#xED;sica Integral - Instituto Superior de Formaci&#xF3;n Docente Salom&#xE9; Ure&#xF1;a - ISFODOSU, Recinto EMH, 2020.
</subfield>
  </datafield>
  <datafield tag="504" ind1=" " ind2=" ">
    <subfield code="a">Bibliograf&#xED;a en hoja 58</subfield>
  </datafield>
  <datafield tag="505" ind1=" " ind2=" ">
    <subfield code="a">Introducci&#xF3;n al problema de investigaci&#xF3;n 11 - Revisi&#xF3;n de literatura 18 - Metodolog&#xED;a 37 - Presentaci&#xF3;n de los resultados 42 - Interpretaci&#xF3;n de los resultados 48 - Referencias bibliogr&#xE1;ficas 58 - anexos 69</subfield>
  </datafield>
  <datafield tag="650" ind1="1" ind2="4">
    <subfield code="a">Educaci&#xF3;n f&#xED;sica</subfield>
    <subfield code="z">Rep&#xFA;blica Dominicana</subfield>
    <subfield code="2">armarc</subfield>
    <subfield code="9">3852</subfield>
  </datafield>
  <datafield tag="650" ind1="1" ind2="7">
    <subfield code="a">Ejercicio</subfield>
    <subfield code="v">Estudio y ejercicios</subfield>
    <subfield code="2">armarc</subfield>
    <subfield code="9">24723</subfield>
  </datafield>
  <datafield tag="650" ind1="1" ind2="0">
    <subfield code="a">Aprendizaje</subfield>
    <subfield code="x">Ense&#xF1;anza</subfield>
    <subfield code="9">21720</subfield>
  </datafield>
  <datafield tag="700" ind1="1" ind2=" ">
    <subfield code="a">Toja Reboredo, Bel&#xE9;n</subfield>
    <subfield code="e">asesor</subfield>
    <subfield code="9">21366</subfield>
  </datafield>
  <datafield tag="856" ind1=" " ind2=" ">
    <subfield code="y">Clic para ver Texto completo</subfield>
    <subfield code="u">https://biblioteca.isfodosu.edu.do/cgi-bin/koha/opac-retrieve-file.pl?id=ca378827dede8597146c3faf9e1cc407</subfield>
  </datafield>
  <datafield tag="942" ind1=" " ind2=" ">
    <subfield code="2">LOC</subfield>
    <subfield code="c">TESIS</subfield>
  </datafield>
  <datafield tag="999" ind1=" " ind2=" ">
    <subfield code="c">13401</subfield>
    <subfield code="d">13401</subfield>
  </datafield>
  <datafield tag="952" ind1=" " ind2=" ">
    <subfield code="0">0</subfield>
    <subfield code="1">0</subfield>
    <subfield code="2">ddc</subfield>
    <subfield code="4">0</subfield>
    <subfield code="7">0</subfield>
    <subfield code="a">RII</subfield>
    <subfield code="b">RII</subfield>
    <subfield code="d">2025-04-03</subfield>
    <subfield code="l">0</subfield>
    <subfield code="r">2025-04-03 11:45:32</subfield>
    <subfield code="w">2025-04-03</subfield>
    <subfield code="y">TED</subfield>
  </datafield>
</record>
